ბათუმის შოთა რუსთაველის სახელმწიფო უნივერსიტეტის ბიბლიოთეკა

პირველყოფილი კულტურის ისტორიის ნარკვევები (ბიბ.ჩანაწერი № 56202)

000 -LEADER
fixed length control field 00932nam a2200229Ia 4500
001 - CONTROL NUMBER
control field 23303
003 - CONTROL NUMBER IDENTIFIER
control field GE_BSU
008 - FIXED-LENGTH DATA ELEMENTS--GENERAL INFORMATION
fixed length control field 181216s||||||||xx |||||||||||||| ||und||
040 ## - CATALOGING SOURCE
Transcribing agency GE_BSU
080 ## - UNIVERSAL DECIMAL CLASSIFICATION NUMBER
Universal Decimal Classification number 008(11)(09)
100 ## - MAIN ENTRY--PERSONAL NAME
Personal name კოსვენი, მარკი
245 ## - TITLE STATEMENT
Title პირველყოფილი კულტურის ისტორიის ნარკვევები
245 ## - TITLE STATEMENT
Statement of responsibility, etc. თარგმანი გ. ჩაჩაშვილისა ; რედ.: ვ. ბარდაველიძე
260 ## - PUBLICATION, DISTRIBUTION, ETC.
Place of publication, distribution, etc. თბილისი
260 ## - PUBLICATION, DISTRIBUTION, ETC.
Name of publisher, distributor, etc. თბილ. უნ-ტის გამ-ბა
260 ## - PUBLICATION, DISTRIBUTION, ETC.
Date of publication, distribution, etc. 1971
300 ## - PHYSICAL DESCRIPTION
Extent 261გვ. : ილ. ; 22სმ.
300 ## - PHYSICAL DESCRIPTION
Accompanying material ბიბლიოგრ.: გვ. 260-261.
653 ## - INDEX TERM--UNCONTROLLED
Uncontrolled term პირველყოფილი კულტურის ისტორიის ნარკვევები
942 ## - ADDED ENTRY ELEMENTS (KOHA)
Koha item type წიგნი
ეგზემპლარები
Withdrawn status Lost status Damaged status Not for loan Date acquired Barcode Date last seen Price effective from Koha item type
        2018-12-17 28282 2018-12-17 2018-12-17 წიგნი